Software architecture: foundations, theory, and practice
Saved in:
| Main Authors: | , , |
|---|---|
| Format: | Book |
| Language: | English |
| Published: |
Hoboken
John Wiley and Sons
2010
|
| Subjects: | |
| Tags: |
Add Tag
No Tags, Be the first to tag this record!
|
MARC
| LEADER | 00000cam a2200000 a 4500 | ||
|---|---|---|---|
| 001 | UCF7102 | ||
| 003 | CL-VaPUC | ||
| 008 | 130606e20100000US |||||||||||||||||eng|d | ||
| 020 | |a 9780470167748 | ||
| 082 | 0 | 4 | |a 005.12 |b TAY |2 21 |
| 100 | 0 | |a Taylor, Richard N |e author |9 569076 | |
| 700 | 0 | |a Medvidovic, Nenad |e author |9 569077 | |
| 700 | 0 | |a Dashofy, Eric M |e author |9 569078 | |
| 245 | 1 | 0 | |a Software architecture: foundations, theory, and practice |
| 300 | |a 712 p | ||
| 942 | |c BK | ||
| 945 | |d 20130606 00:00:00 |a dcastane | ||
| 260 | |a Hoboken |b John Wiley and Sons |c 2010 | ||
| 650 | 7 | |a SISTEMAS DE SOFTWARE |2 CL-VaPUC |9 569079 | |
| 650 | 0 | |a Software |9 387312 | |
| 583 | |a last modification |c 20130606 11:56:00 |k Rodrigo Vera | ||
| 999 | |c 352021 |d 352019 | ||
| 952 | |0 0 |1 0 |4 0 |6 005_120000000000000_TAY_2010 |7 0 |8 A |9 456521 |a BIBING |b BIBING |d 2019-11-22 |i 4978765 |o 005.12 TAY 2010 |p 4978765 |r 2025-01-20 |w 2019-11-22 |y BK |k EII | ||